000 00821nam a2200205 a 4500
003 0
005 20250210092250.0
008 130116s19uu xx 00 eng d
050 _aPHS DS 686.4
_b.M277 2012
100 _aMangila, Danee Coline E.
245 _aSurvival techniques of Filipinos during World War II (1941-1942) /
_cDanee Coline E. Mangila.
260 _aLas Piñas City, Philippines :
_bSouthville International School and Colleges,
_c2012.
300 _a67 pages :
_billustrations ;
_c28 cm.
504 _aIncludes bibliographical references.
650 _aWartime conditions
_zPhilippines.
650 _aSurvival techniques – Historical aspects
650 _aCivilian survival
_zPhilippines
_vWorld War, 1939-1945.
651 _aPhilippines
_xHistory
_xWorld War, 1939-1945
_xAnalysis
942 _2lcc
_cPASS
999 _c98829
_d98829